Statistiken für 5 Songs in einer Nacht - Lyrics Capital Bra

Klicken Sie hier um das Quiz zu spielen!

Allgemein

  • Dieses Quiz wurde 131 mal gespielt
  • Das Durchschnittsergebnis liegt bei 209 aus 336

Antwortstatistiken

Antwort% Korrekt
ich
97%
Ich
97%
ein
95%
in
95%
Nacht
95%
Songs
95%
einer
94%
Bra,
93%
die
93%
fünf
93%
hab'
92%
Bratan
91%
Bratan,
91%
damals
90%
schon
90%
mach'
88%
abgefuckt
84%
der
84%
Scheine
84%
abgepackt
83%
und
82%
Und
82%
ja,
80%
Ja,
80%
ja
80%
Kripos
79%
Steine
77%
wil
77%
wenn
76%
alle
74%
macht
72%
will,
72%
will
72%
ist
70%
alles
69%
Alles
69%
alles,
69%
solang
69%
solang'
69%
okay,
67%
Wir
40%
wir
40%
es
36%
wie
36%
den
34%
Kolleg,
34%
das
31%
dir,
30%
mit
29%
machen
28%
man
27%
nicht
27%
zeig'
27%
komm,
26%
mir
26%
jetzt
25%
lass'
25%
lass
25%
Aber
24%
Leidenschaft
24%
Pack'
23%
aus
21%
für
21%
Ihr
21%
Leben
21%
verdienen
21%
viel
21%
was
21%
Bitches
20%
gutes
20%
Flaschen
19%
Medizin
19%
sind
19%
kann,
18%
Krach,
18%
Liter-
18%
tanzen,
18%
tanzen
18%
Ah,
17%
Huren
17%
reden,
17%
auf
16%
Bras
16%
Deswegen
16%
geh'
16%
Geld
16%
Hater
16%
Sechs-
16%
Ware
16%
Ach,
15%
Gier,
15%
nehmen
15%
zwei
15%
auch
14%
Einzelhaft
14%
gar
14%
kein
14%
Meine
14%
seid
14%
Tüten,
14%
Batzen,
13%
Club
13%
durch
13%
lila
13%
packen
13%
beigebracht
12%
mich
12%
nix
12%
ballert
11%
check'
11%
deinen
11%
dieser
11%
guck,
11%
Kunden
11%
Schnapp'
11%
Welt
11%
danach
10%
Hieroglyphen,
10%
kleingemacht
10%
kriegen
10%
lauf'
10%
bunte
9%
drauf
9%
grad'
9%
hinter
9%
platzen
9%
sehen,
9%
ziehen
9%
Gangster?
8%
Medellín
8%
niemals
8%
Shem
8%
teilen
8%
völlig
8%
lügen
7%
out
7%
Kücken
6%
werdet
6%
grüß´
0%

Verteilung der Resultate

Perzentil nach korrekt beantworteten Fragen

Anzahl Personen mit jedem Resultat

Ihre Resultats-Entwicklung

Sie haben dieses Quiz noch nicht gespielt